000 01033nac a22002771i 4500
003 EG-ScBUE
005 20250529083245.0
008 250406t1964 njua f b 001 0 eng d
040 _aEG-ScBUE
_beng
_erda
_cEG-ScBUE
_dEG-ScBUE
082 0 4 _a530.11
_bKAT
_222
100 1 _aKatz, Robert,
_eauthor.
245 1 3 _aAn introduction to the special theory of relativity /
_cRobert Katz, professor of physics, Kansas State University.
264 1 _aPrinceton, New Jersey :
_bD. Van Nostrand Company, Inc.,
_c[1964]
264 1 _cc1964
300 _a132 pages :
_billustrations ;
_c21 cm.
336 _2rdacontent
_atext
_btxt
337 _aunmediated
_2rdamedia
_bn
338 _avolume
_bnc
_2rdacarrier
490 0 _aVan Nostrand momentum book print ;
_v9
500 _aPublished for the Commission on College Physics by D. Van Nostrand.
504 _aIncludes bibliographical references and index.
650 7 _aRelativity (Physics)
_2BUEsh
655 _vReading book
942 _cBB
_2ddc
999 _c1811
_d1811